000
00301nam a22001457a 4500
008
210311b ||||| |||| 00| 0 eng d
020
_a
9780679746744
041
_a
eng
080
_a
61
082
_a
61
100
_a
3
101
_a
SHM
245
_a
Why We Get Sick
_c
Nesse,M.R
942
_2
udc
_c
BK
999
_c
56439
_d
56439